000 00730nam a2200229Ia 4500
001 8984
003 GE_BSU
008 181216s||||||||xx |||||||||||||| ||und||
040 _cGE_BSU
080 _a821.353.1–1
100 _aკერძევაძე,ელდარ
245 _aმწვანე ქუჩა
245 _bლექსები
245 _cრედ.მურმან ქოიავა.მხატვ. ზაურ დეისაძე
260 _aთბილისი
260 _bმერანი
260 _c1971
300 _a95გვ.ფოტოპორტრეტი.16სმ.
653 _aლექსები
653 _aმწვანე ქუჩა
942 _cBK
999 _c42289
_d42289